Trust me, i´m lying. Confessions of a media manipulator.
Bewaard in:
| Hoofdauteur: | |
|---|---|
| Formaat: | Onbekend |
| Taal: | Engels |
| Gepubliceerd in: |
New York, United States:
Portfolio / Penguin,
2013.
|
| Onderwerpen: | |
| Tags: |
Voeg label toe
Geen labels, Wees de eerste die dit record labelt!
|
MARC
| LEADER | 00000 a2200000 4500 | ||
|---|---|---|---|
| 003 | CL-VaPUC | ||
| 005 | 20240102120504.0 | ||
| 008 | 231215t2012 ||||| |||| 00| 0 eng d | ||
| 999 | |c 442478 |d 442476 | ||
| 020 | |a 978-1-59184-628-4 | ||
| 040 | |c Pontificia Universidad Católica de Valparaíso | ||
| 082 | |2 22 |a 659.2 HOL 2012 | ||
| 100 | |a Holiday, Ryan |9 885789 |e author | ||
| 245 | |a Trust me, i´m lying. |b Confessions of a media manipulator. | ||
| 260 | |a New York, United States: |b Portfolio / Penguin, |c 2013. | ||
| 300 | |a xix, 325 páginas. | ||
| 583 | |k GC |c 20231215 | ||
| 650 | 0 | |9 257206 |a Medios de comunicación |x Blogs y blogueros |x Manipulación, persuasión, tácticas, etc. | |
| 650 | 0 | |9 259324 |a Marketing |x Editores |v Aspectos económicos | |
| 650 | 0 | |9 331772 |a Relaciones públicas |x Blogs |x Aspectos económicos y sociales | |
| 942 | |2 ddc |c BK | ||
| 952 | |0 0 |1 0 |2 ddc |4 0 |6 659_200000000000000_HOL_2012 |7 0 |8 A |9 592812 |a BIBCUR |b BIBCUR |c GEN |d 2023-12-12 |e 3 |g 16750.00 |i 5659799 |l 2 |o 659.2 HOL 2012 |p 5659799 |r 2025-04-22 |s 2025-03-19 |t 1 |v 16750.00 |w 2023-12-12 |y BK |k PER | ||